000 00892nam a2200289Ia 4500
003 OSt
005 20221005044007.0
006 a|||||r|||| 00| 0
007 ta
008 221004b |||||||| |||| 00| 0 eng d
020 _a9781119313847 (pbk)
_cUSD 49.99
024 _a43605
037 _b60, 20/02/2019, Mallika Books
_cTextual
040 _aCRL
_cCRL
_beng
041 _2eng
_aeng
082 _aT6:3, Q8
100 _aAlfonso Vincent C. Au.
_9592085
245 0 _aEssential of specific learning disability identification
250 _a2nd
260 _aHoboken
_bJohn Wiley USA
_c2018
300 _axiv,624p.
_ccm.
650 _a EDUCATION
650 _aDISABILITIES
_934222
700 _a Flanagan Dawn P. Au.
_9592086
942 _hT6:3, Q8
_cTEXL
_2cc
999 _c952723
_d952723